Строение и свойства переноса расплавленных галогенидов щелочных металлов: автореферат диссертации на соискание ученой степени кандидата химических наук

Détails bibliographiques
Auteur principal: Шабанов О. М.
Collectivité auteur: Академия наук СССР (АН СССР) Уральский филиал (УФ)
Autres auteurs: Смирнов М. В. (научный руководитель)
Résumé:Защита сост. в марте 1967 г.
Langue:russe
Publié: Свердловск, [Б. и.], 1967
Sujets:
Format: Livre
KOHA link:https://koha.lib.tpu.ru/cgi-bin/koha/opac-detail.pl?biblionumber=323101

MARC

LEADER 00000nam0a2200000 4500
001 323101
005 20231102003535.0
035 |a (RuTPU)RU\TPU\book\348659 
090 |a 323101 
100 |a 20161007d1967 k y0rusy50 ca 
101 0 |a rus 
102 |a RU 
105 |a a dm 001zy 
200 1 |a Строение и свойства переноса расплавленных галогенидов щелочных металлов  |e автореферат диссертации на соискание ученой степени кандидата химических наук  |f О. М. Шабанов  |g Академия наук СССР (АН СССР), Уральский филиал (УФ) ; науч. рук. М. В. Смирнов 
210 |a Свердловск  |c [Б. и.]  |d 1967 
215 |a 16 с.  |c ил. 
300 |a Защита сост. в марте 1967 г. 
320 |a Библиогр.: с. 16 (5 назв.) 
606 1 |a Щелочные металлы, галогениды  |x Химия  |2 stltpush  |3 (RuTPU)RU\TPU\subj\75068  |9 86949 
610 1 |a ионные кристаллы 
610 1 |a плавление 
610 1 |a расплавленные галогениды 
610 1 |a комплексные модели 
610 1 |a ионы 
610 1 |a самодиффузия 
610 1 |a солевые расплавы 
610 1 |a авторефераты диссертаций 
610 1 |a библиотека А. Г. Стромберга 
675 |a 546.31(04)  |v 3 
700 1 |a Шабанов  |b О. М. 
702 1 |a Смирнов  |b М. В.  |4 727 
712 0 2 |a Академия наук СССР (АН СССР)  |b Уральский филиал (УФ)  |c (Свердловск)  |2 stltpush  |3 (RuTPU)RU\TPU\col\18347 
801 1 |a RU  |b 63413507  |c 20161007 
801 2 |a RU  |b 63413507  |c 20181103  |g RCR 
942 |c BK